000 002370000a22000970004500
100 1 _aReed, Lawrence W.
245 1 0 _aA vote for optimism
300 _aVol. 46, Num. 4 (Abril, 1996), Páginas 218-219
773 0 _tThe Freeman
942 _cANA
999 _c56263
_d56263